00317nam a22001097a 4500003000400000082001600004100002000020245010300040260004100143300000700184650001600191SGT a616.5bS21R aRAMAVAT, PULKIT aTo Study The Occurrence Of Postoperative Nausea And Vomiting In Patients After General Anaesthesia aSGT UNIVERSITYbSGT UNIVERSITYc2021 a41 aMOTT THESIS